| 000 | 01147pam a2200325 a 4500 | ||
|---|---|---|---|
| 001 | 1022 | ||
| 005 | 20250709153802.0 | ||
| 020 | _a0679863745 (pbk.) | ||
| 020 | _a0590988255 | ||
| 040 |
_aDLC _cDLC _dDLC _beng |
||
| 050 | 0 | 0 |
_aPZ7.O81167 _bMi 1996 |
| 082 | 0 | 0 |
_aFic _220 |
| 100 | 1 | _aOsborne, Mary Pope. | |
| 245 | 1 | 0 |
_aMidnight on the moon / _cby Mary Pope Osborne ; illustrated by Sal Murdocca. |
| 250 | _aFirst Scholastic printing, January 1997 | ||
| 260 |
_aNew York : _bScholastic, _c1996. |
||
| 300 |
_a70 pages : _billustrations ; _c20 cm |
||
| 490 | 1 |
_aMagic tree house _vBook 8 |
|
| 500 | _a"A first stepping stone book." | ||
| 505 | _aJ | ||
| 520 | _aThe magic treehouse takes Jack and Annie to a moon base in the future where they continue to search for the fourth thing they need to free their friend Morgan from the magician's spell. | ||
| 521 |
_a490
_bLexile |
||
| 521 |
_aJ
_bRaz-Plus |
||
| 650 | 1 |
_aTime travel _xFiction. |
|
| 650 | 1 |
_aMagic _xFiction. |
|
| 650 | 1 | _aScience fiction. | |
| 700 | 1 |
_aMurdocca, Sal _eillustrator |
|
| 906 |
_a7 _bcbc _corignew _d1 _eocip _f19 _gy-gencatlg |
||
| 942 |
_2ddc _cBK _n0 |
||
| 999 |
_c1022 _d1022 |
||